平成に消滅・改称した宮崎県の市町村 - Statistics

General Stats
  • This quiz has been taken 19 times
  • The average score is 16 of 22
Answer Stats
変更年月日 変更内容 回答 変更後の市町村 % Correct
2006.01/01 編入合併 佐土原町 宮崎市
100%
2006.01/01 編入合併 高岡町 宮崎市
86%
2006.01/01 新設合併 南郷村 美郷町
86%
2006.01/01 新設合併 西郷村 美郷町
86%
2006.01/01 新設合併 北郷村 美郷町
86%
2006.02/25 編入合併 東郷町 日向市
86%
2009.03/30 新設合併 北郷町 日南市
86%
2009.03/30 新設合併 南郷町 日南市
86%
2006.01/01 編入合併 田野町 宮崎市
71%
2006.01/01 新設合併 山之口町 都城市
71%
2006.01/01 新設合併 高崎町 都城市
71%
2006.02/20 編入合併 北方町 延岡市
71%
2006.02/20 編入合併 北浦町 延岡市
71%
2007.03/31 編入合併 北川町 延岡市
71%
2009.03/30 新設合併 日南市 日南市
71%
2010.03/23 編入合併 野尻町 小林市
71%
2010.03/23 編入合併 清武町 宮崎市
71%
2006.01/01 新設合併 都城市 都城市
57%
2006.01/01 新設合併 山田町 都城市
57%
2006.03/20 新設合併 小林市 小林市
57%
2006.03/20 新設合併 須木村 小林市
57%
2006.01/01 新設合併 高城町 都城市
43%
No matching quizzes found
Score Distribution
Percent of People with Each Score
Percentile by Number Answered
Your Score History
You have not taken this quiz